000 00590nam a2200217Ii 4500
003 JO-AjNU
008 230606s9999||||xx |||||||||||||| ||und||
020 _a978-007-126793-9
040 _aJO-AjNU
_beng
_erda
_cJO-AjNU
041 _aeng
050 1 4 _aTC175.2010
100 3 _aSyurm.Terry,
_eauthor
_94129
245 0 0 _aOpen Channel Hydraulics
250 _a2 ed
264 3 1 _aBoston:Higer education,2010
300 _a546p
336 _atext
_btxt
_2rdacontent
337 _aunmediated
_bn
_2rdamedia
338 _avolume
_bnc
_2rdacarrier
650 4 _aOpen Channel Hydraulics
_94130
999 _aE2148
_c2147
_d2147